00839cam a2200265 a 45000010008000000030005000080050017000130080041000300100017000710200027000880380011001150400030001260430012001560500026001680820013001941000021002072450045002282600043002733000021003166500038003376500023003756510046003986550025004448560104004694297281Nust20220829120346.0860729s1986 nyu 000 1 eng  a 86020313  a9780330462440cRs. 476 aArshad aDLCcDLCdDLCdOCoLCdDLC an-us-ca00aPR6053.O425bH56 198600a823bCOL1 aCollins, Jackie.10aHollywood husbands /cby Jackie Collins. aNew York :bSimon and Schuster,c1986. a508 p. ;c25 cm. 0aMotion picture industryxFiction. 0aHusbandsxFiction. 0aHollywood (Los Angeles, Calif.)xFiction. 7aLove stories.2gsafd423Contributor biographical informationuhttp://www.loc.gov/catdir/enhancements/fy1208/86020313-b.html